Disk : časopis pro studium dramatického umění

Korporativní autor: Akademie múzických umění v Praze. Divadelní fakulta
Další autoři: Akademie múzických umění v Praze. Katedra teorie a kritiky. Ústav teorie a dějin divadelní tvorby
Jazyk: Čeština
Vydáno: Praha : Nakladatelství AMU, 2002-2012
Praha : KANT - Karel Kerlický
Témata:
Fyzický popis: ^^^sv. ; 24 cm
Odebírané ročníky: 2002-12
Noviny a časopisy
Uloženo v:
LEADER 04938nas a2200817 a 4500
001 cps20021180676
003 CZ PrNK
005 20240216104339.0
007 ta
008 020729d20022012xr qr p 0 0cze
015 |a cnb001180676 
022 |a 1213-8665 
040 |a ABA001  |b cze  |d ABA001  |d OLA001  |d BOA001 
072 7 |a 792  |x Divadlo. Divadelní představení  |2 Konspekt  |9 3 
080 |a 792  |2 MRF 
080 |a 792.2/.8  |2 MRF 
080 |a (051)-027.561  |2 MRF 
210 0 |a Disk  |b (Praha Čes. vyd.) 
222 0 |a Disk  |b (Praha, České vyd.) 
245 0 0 |a Disk :  |b časopis pro studium dramatického umění 
246 3 |a DISK 
260 |a Praha :  |b Nakladatelství AMU,  |c 2002-2012 
260 3 |3 2007-  |a Praha :  |b KANT - Karel Kerlický 
300 |a ^^^sv. ;  |c 24 cm 
310 |a 4x ročně 
321 |a Periodicita není známa 
321 |a 2x ročně 
362 0 |a Č. 1 (2002)-č. 42 (2012) 
500 |a Informace o periodicitě pochází z databáze ISSN 
500 |a Časopis Disk připravuje Ústav teorie a dějin divadelní tvorby při katedře teorie a kritiky DAMU 
500 |a Vydává: Akademie múzických umění v Praze, divadelní fakulta 
500 |a Časopis připravuje Výzkumný ústav dramatickéh a scénické tvorby Divadelní fakulty AMU pro Centrum záklandího výzkumu AMU v Praze a MU v Brně 
500 |a Podnázev: časopis pro studium scénické tvorby 
541 |c pv 
650 0 7 |a divadlo  |7 ph119513  |2 czenas 
650 0 7 |a divadelní inscenace  |7 ph114330  |2 czenas 
655 7 |a odborné časopisy  |7 fd132951  |2 czenas 
710 2 |a Akademie múzických umění v Praze.  |b Divadelní fakulta  |7 kn20010709001 
710 2 |a Akademie múzických umění v Praze.  |b Katedra teorie a kritiky.  |b Ústav teorie a dějin divadelní tvorby  |7 kn20051006056 
775 0 |t Disk (Praha, English Ed.)  |x 1802-8144 
902 |z 80-86970-15-9  |q (2006, č.17 ;  |q brožováno) 
902 |z 80-86970-24-8  |q (2006, č.18 ;  |q brožováno) 
902 |z 80-86970-34-9  |q (2007, č.19 ;  |q brožováno) 
902 |z 978-80-86970-39-4  |q (2007, č.20 ;  |q brožováno) 
902 |z 978-80-86970-50-9  |q (2007, č.21 ;  |q brožováno) 
902 |z 978-80-86970-54-7  |q (2007, č.22 ;  |q brožováno) 
902 |z 978-80-86970-58-5  |q (2008, č.23 ;  |q brožováno) 
902 |z 978-80-86970-62-2  |q (2008, č.24 ;  |q brožováno) 
902 |z 978-80-86970-72-1  |q (2008, č.25 ;  |q brožováno) 
902 |z 978-80-86970-85-1  |q (2008, č.26 ;  |q brožováno) 
902 |z 978-80-86970-94-3  |q (2009, č.27 ;  |q brožováno) 
902 |z 978-80-86970-98-1  |q (2009, č.28 ;  |q brožováno) 
910 2 |a BOA001  |b 04291-1115.384  |r 2002-12 
920 |a 000607205 
990 |a SE 
995 |a 01 
996 6 |b 2610203902  |c 04291-1115.384  |d 2002 1-2  |v 2002  |i 1-2  |y 2002  |l MZK  |r Sklad / do 1 hodiny  |n 20  |p p.v.  |w 000607205  |u 000010  |a 1  |e BOA001  |j MZK50  |s P 
996 6 |b 2610227128  |c 04291-1115.384  |d 2003 3-6  |v 2003  |i 3-6  |y 2003  |l MZK  |r Sklad / do 1 hodiny  |n 31  |p p.v.  |w 000607205  |u 000100  |a 1  |e BOA001  |j MZK50  |s P 
996 6 |b 2610256710  |c 04291-1115.384  |d 2004 7-8  |v 2004  |i 7-8  |y 2004  |l MZK  |r Sklad / do 1 hodiny  |n 6  |p p.v.  |w 000607205  |u 000150  |a 1  |e BOA001  |j MZK50  |s P 
996 6 |b 2610256711  |c 04291-1115.384  |d 2004 9-10  |v 2004  |i 9-10  |y 2004  |l MZK  |r Sklad / do 1 hodiny  |n 5  |p p.v.  |w 000607205  |u 000160  |a 1  |e BOA001  |j MZK50  |s P 
996 6 |b 2610280741  |c 04291-1115.384  |d 2005 11-12  |v 2005  |i 11-12  |y 2005  |l MZK  |r Sklad / do 1 hodiny  |n 9  |p p.v.  |w 000607205  |u 000240  |a 1  |e BOA001  |j MZK50  |s P 
996 6 |b 2610280742  |c 04291-1115.384  |d 2005 13-14  |v 2005  |i 11-12  |y 2005  |l MZK  |r Sklad / do 1 hodiny  |n 9  |p p.v.  |w 000607205  |u 000250  |a 1  |e BOA001  |j MZK50  |s P 
996 6 |b 2610309141  |c 04291-1115.384  |d 2006 15-16  |v 2006  |i 15-16  |y 2006  |l MZK  |r Sklad / do 1 hodiny  |n 11  |p p.v.  |w 000607205  |u 000300  |a 1  |e BOA001  |j MZK50  |s P 
996 6 |b 2610309142  |c 04291-1115.384  |d 2006 17-18  |v 2006  |i 17-18  |y 2006  |l MZK  |r Sklad / do 1 hodiny  |n 5  |p p.v.  |w 000607205  |u 000310  |a 1  |e BOA001  |j MZK50  |s P 
996 6 |b 2610336891  |c 04291-1115.384  |d 2007 19-20  |v 2007  |i 19-20  |y 2007  |l MZK  |r Sklad / do 1 hodiny  |n 7  |p p.v.  |w 000607205  |u 000360  |a 1  |e BOA001  |j MZK50  |s P 
996 6 |b 2610336892  |c 04291-1115.384  |d 2007 21-22  |v 2007  |i 21-22  |y 2007  |l MZK  |r Sklad / do 1 hodiny  |n 5  |p p.v.  |w 000607205  |u 000370  |a 1  |e BOA001  |j MZK50  |s P 
996 6 |b 2610369223  |c 04291-1115.384  |d 2008 23-26  |v 2008  |i 23-26  |y 2008  |l MZK  |r Sklad / do 1 hodiny  |n 8  |p p.v.  |w 000607205  |u 000420  |a 1  |e BOA001  |j MZK50  |s P 
996 6 |b 2610425266  |c 04291-1115.384  |d 2009 27-30  |v 2009  |i 27-30  |y 2009  |l MZK  |r Sklad / do 1 hodiny  |n 8  |p p.v.  |w 000607205  |u 000470  |a 1  |e BOA001  |j MZK50  |s P 
996 6 |b 2610475120  |c 04291-1115.384  |d 2010 31-34  |v 2010  |i 31-34  |y 2010  |l MZK  |r Sklad / do 1 hodiny  |n 6  |p p.v.  |w 000607205  |u 000520  |a 1  |e BOA001  |j MZK50  |s P 
996 6 |b 2610513042  |c 04291-1115.384  |d 2011 35-38  |v 2011  |i 35-38  |y 2011  |l MZK  |r Sklad / do 1 hodiny  |n 10  |p p.v.  |w 000607205  |u 000570  |a 1  |e BOA001  |j MZK50  |s P 
996 6 |b 2610598487  |c 04291-1115.384  |d 2012 39-42  |v 2012  |i 39-42  |y 2012  |l MZK  |r Sklad / do 1 hodiny  |n 3  |p p.v.  |w 000607205  |u 000620  |a 1  |e BOA001  |j MZK50  |s P